000
00325nam a2200133Ia 4500
008
191201s2007 xx 000 0 und d
082
_a
005.1
_b
PES
100
_a
PETERS, James F
245
0
_a
Software Engineering
260
_a
N.Delhi
_b
John Wiley and Sons
_c
2007
300
_a
702
650
_a
B.Tech(CSE)
942
_2
ddc
_c
BK
999
_c
1481
_d
1481